[Event "X Open A"]
[Site "Genova ITA"]
[Date "2006.08.12"]
[Round "7"]
[White "Cehic, Goran"]
[Black "Pasquotto, Mirko"]
[Result "0-1"]
[WhiteElo "2136"]
[BlackElo "1939"]
[PlyCount "82"]
[EventDate "2006.08.07"]

1. e4 c5 2. Nf3 d6 3. c3 Nf6 4. Bc4 Nxe4 5. d4 cxd4 6. cxd4 e6 7. O-O Be7 8.
Nc3 Nf6 9. Bf4 O-O 10. Rc1 a6 11. a4 Nbd7 12. Re1 b6 13. Qb3 Re8 14. h3 Nf8 15.
d5 e5 16. Be3 N6d7 17. Na2 Nc5 18. Qc2 Bd7 19. b3 Ng6 20. Nc3 Kh8 21. b4 Nb7
22. Bd3 Rf8 23. Qe2 a5 24. bxa5 Rxa5 25. Bb5 Nc5 26. Bxc5 bxc5 27. Nd2 Nf4 28.
Qf1 Bf5 29. Re3 Bg5 30. Nc4 Ra8 31. Ra1 Qf6 32. Ne4 Bxe4 33. Rxe4 Qg6 34. Re3
Nxd5 35. Rg3 Qh5 36. a5 Nf4 37. a6 Ne2+ 38. Kh1 Nxg3+ 39. fxg3 f5 40. a7 Rf7
41. Nxd6 Rfxa7 0-1

[Event "X Open A"]
[Site "Genova ITA"]
[Date "2006.08.12"]
[Round "7"]
[White "Cirabisi, Federico"]
[Black "Guido, Flavio"]
[Result "1/2-1/2"]
[WhiteElo "2116"]
[BlackElo "2323"]
[PlyCount "109"]
[EventDate "2006.08.07"]

1. d4 Nf6 2. Nf3 c5 3. e3 b6 4. Bd3 g6 5. b3 Bg7 6. Bb2 Bb7 7. Nbd2 Nc6 8. a3
O-O 9. Qe2 Qc7 10. dxc5 bxc5 11. h4 d5 12. h5 e5 13. e4 Nd4 14. Nxd4 cxd4 15.
hxg6 fxg6 16. O-O-O Rac8 17. Kb1 dxe4 18. Bc4+ Kh8 19. Rh4 Bd5 20. Rdh1 Rfd8
21. Nxe4 Bxc4 22. Nxf6 Bxf6 23. Rxh7+ Qxh7 24. Rxh7+ Kxh7 25. bxc4 Rc7 26. Qf3
Kg7 27. Bc1 Rb8+ 28. Ka2 Rxc4 29. Qe4 Rbc8 30. Kb1 Rxc2 31. Qxc2 Rxc2 32. Kxc2
e4 33. Kb3 Kf7 34. Kc4 Ke6 35. a4 Kf5 36. Kd5 d3 37. g4+ Kxg4 38. Kxe4 Bh4 39.
f3+ Kg3 40. f4 Kg4 41. Kxd3 Kf3 42. Kc4 Bg3 43. Kb5 Bxf4 44. Bxf4 Kxf4 45. Ka6
g5 46. Kxa7 g4 47. a5 g3 48. a6 g2 49. Kb7 g1=Q 50. a7 Qg7+ 51. Kb8 Qf8+ 52.
Kb7 Qe7+ 53. Kb8 Qd8+ 54. Kb7 Qd7+ 55. Kb8 1/2-1/2

[Event "X Open A"]
[Site "Genova ITA"]
[Date "2006.08.12"]
[Round "7"]
[White "Ferretti, Folco"]
[Black "Okhotnik, Vladimir"]
[Result "1/2-1/2"]
[WhiteElo "2254"]
[BlackElo "2485"]
[PlyCount "97"]
[EventDate "2006.08.07"]

1. Nf3 f5 2. d3 d6 3. e4 e5 4. Nc3 Nc6 5. Bg5 Be7 6. Bxe7 Ngxe7 7. g3 O-O 8.
Bg2 fxe4 9. dxe4 Bg4 10. h3 Bh5 11. Qd3 Kh8 12. Nh2 Nd4 13. O-O b5 14. Rae1 b4
15. Nd5 c6 16. Nxe7 Qxe7 17. f4 c5 18. c3 c4 19. Qd2 bxc3 20. bxc3 Ne6 21. f5
Nc5 22. Bf3 Be8 23. Rd1 Rd8 24. Ng4 Bc6 25. Qe2 Rb8 26. Rd2 Qb7 27. Rxd6 Bxe4
28. f6 gxf6 29. Rxf6 Rxf6 30. Nxf6 Bxf3 31. Rxf3 Nd3 32. Ne4 Qb1+ 33. Rf1 Qb6+
34. Nf2 Qc5 35. Kh1 Qd5+ 36. Ne4 Nc5 37. Re1 Rf8 38. Kg1 Qd3 39. Qxd3 Nxd3 40.
Rf1 Rb8 41. Rf7 Kg8 42. Rxa7 Rb6 43. Kg2 h5 44. a4 Rb2+ 45. Kf1 Rb1+ 46. Ke2
Re1+ 47. Kf3 Rf1+ 48. Kg2 Re1 49. Kf3 1/2-1/2

[Event "X Open A"]
[Site "Genova ITA"]
[Date "2006.08.12"]
[Round "7"]
[White "Georgiev, Krum I."]
[Black "Durdevic, Radoslav"]
[Result "1-0"]
[WhiteElo "2485"]
[BlackElo "2092"]
[PlyCount "79"]
[EventDate "2006.08.07"]

1. e4 c5 2. Nf3 d6 3. c3 Nf6 4. Be2 Nc6 5. d4 cxd4 6. cxd4 e6 7. Nc3 Be7 8. O-O
O-O 9. Re1 h6 10. h3 a6 11. Bf4 b6 12. d5 exd5 13. exd5 Nb8 14. Nd4 Bb7 15. Bf3
Re8 16. Rc1 Bf8 17. Nc6 Rxe1+ 18. Qxe1 Qe8 19. Qxe8 Nxe8 20. Nd8 Bc8 21. Nb5
Nd7 22. Nc7 Nxc7 23. Rxc7 Nf6 24. Be3 Ne8 25. Rxf7 Bxh3 26. gxh3 Rxd8 27. Ra7
Rb8 28. Rxa6 b5 29. b4 Be7 30. a3 Kf8 31. Bf4 Nc7 32. Ra7 Na8 33. Be3 Nb6 34.
Bd4 g5 35. Kg2 Nc4 36. Kg3 Nd2 37. Bh5 Rc8 38. Bg4 Rb8 39. Be6 h5 40. f4 1-0

[Event "X Open A"]
[Site "Genova ITA"]
[Date "2006.08.12"]
[Round "7"]
[White "Natoli, Domenico"]
[Black "Blandini, Carmelo"]
[Result "0-1"]
[WhiteElo "1933"]
[BlackElo "1984"]
[PlyCount "60"]
[EventDate "2006.08.07"]

1. d4 d5 2. c4 c6 3. Nf3 Nf6 4. Nc3 e6 5. Bg5 Be7 6. e3 Nbd7 7. Qc2 h6 8. Bh4
O-O 9. Bd3 Ne8 10. Bg3 f5 11. cxd5 exd5 12. Bxf5 Ndf6 13. Bxc8 Qxc8 14. Rc1 Nd6
15. O-O Nde4 16. Nxe4 Nxe4 17. Be5 Qg4 18. Nd2 Ng5 19. Bg3 Rf6 20. Qd1 Qe6 21.
Qe2 Raf8 22. f3 Rg6 23. Rce1 Bd6 24. Bxd6 Qxd6 25. e4 dxe4 26. Qc4+ Kh8 27.
fxe4 Nh3+ 28. Kh1 Nf2+ 29. Kg1 Rxg2+ 30. Kxg2 Qg6# 0-1

[Event "X Open A"]
[Site "Genova ITA"]
[Date "2006.08.12"]
[Round "7"]
[White "Novelli, Cristiano"]
[Black "Accattato Martin, Mario"]
[Result "0-1"]
[WhiteElo "2145"]
[BlackElo "2089"]
[PlyCount "78"]
[EventDate "2006.08.07"]

1. e4 c5 2. Nc3 Nc6 3. g3 g6 4. Bg2 Bg7 5. d3 e6 6. Be3 d6 7. Qd2 Rb8 8. Nge2
Nd4 9. Nc1 b6 10. O-O Ne7 11. Nd1 O-O 12. c3 Ndc6 13. Bh6 d5 14. Bxg7 Kxg7 15.
f3 f5 16. Nf2 dxe4 17. fxe4 Ba6 18. Ne2 Qd6 19. Rad1 Rbd8 20. a3 e5 21. exf5
gxf5 22. g4 f4 23. Bf3 Nd5 24. Ne4 Qg6 25. h4 Ne3 26. h5 Qe6 27. Rf2 Bxd3 28.
Ng5 Qe7 29. h6+ Kg8 30. Qxd3 Qxg5 31. Bxc6 Rxd3 32. Rxd3 Qxg4+ 33. Kh1 Qh4+ 34.
Rh2 Qe1+ 35. Ng1 f3 36. Bxf3 Rxf3 37. Rg2+ Kf8 38. Rh2 Qxg1+ 39. Kxg1 Rf1# 0-1

[Event "X Open A"]
[Site "Genova ITA"]
[Date "2006.08.12"]
[Round "7"]
[White "Roatta, Luca"]
[Black "Astengo, Marcello"]
[Result "0-1"]
[WhiteElo "2151"]
[BlackElo "2109"]
[PlyCount "60"]
[EventDate "2006.08.07"]

1. d4 d5 2. Nf3 Nf6 3. Bf4 c5 4. e3 Nc6 5. Nbd2 Qb6 6. dxc5 Qxb2 7. Bd3 e6 8.
O-O Bxc5 9. Rb1 Qa3 10. Rb3 Qxa2 11. Rb5 Be7 12. Nb1 Ne4 13. Nfd2 a6 14. Rb3
Nc5 15. Qg4 O-O 16. Bh6 Bf6 17. Qh3 Nxd3 18. cxd3 gxh6 19. Qxh6 Bg7 20. Qg5 Kh8
21. d4 Qc2 22. e4 Nxd4 23. Rh3 e5 24. Rh5 dxe4 25. Qh4 Bf5 26. Na3 Qxd2 27. Nc4
Qf4 28. Qe7 Rac8 29. Rh4 Bg4 30. Ne3 Bf6 0-1

[Event "X Open A"]
[Site "Genova ITA"]
[Date "2006.08.12"]
[Round "7"]
[White "Salvador, Roland"]
[Black "Dzhumaev, Marat"]
[Result "0-1"]
[WhiteElo "2420"]
[BlackElo "2509"]
[PlyCount "72"]
[EventDate "2006.08.07"]

1. d4 f5 2. g3 Nf6 3. Bg2 g6 4. c4 d6 5. Nc3 Bg7 6. Nh3 c6 7. d5 O-O 8. O-O e5
9. dxc6 bxc6 10. Qa4 h6 11. Rd1 Be6 12. Qb4 Ne8 13. Qb7 Nc7 14. Qb4 c5 15. Qa4
g5 16. Nb5 Nxb5 17. Qxb5 e4 18. f3 Bd7 19. Qb3 Nc6 20. fxe4 Nd4 21. Qd3 fxe4
22. Qxe4 Rb8 23. e3 Bf5 24. Qd5+ Be6 25. Qe4 d5 26. Qg6 Rf6 27. Qh5 Bf7 28. Qg4
Be6 29. Qh5 Qd7 30. Bxd5 Bxd5 31. cxd5 Nf3+ 32. Kh1 Qa4 33. Nf2 Qc2 34. Bd2
Nxd2 35. Rac1 Qxb2 36. Nd3 Qxa2 0-1

[Event "X Open A"]
[Site "Genova ITA"]
[Date "2006.08.13"]
[Round "8"]
[White "Brun, Dario"]
[Black "Ferretti, Folco"]
[Result "0-1"]
[WhiteElo "2040"]
[BlackElo "2254"]
[PlyCount "50"]
[EventDate "2006.08.07"]

1. d4 Nf6 2. c4 e6 3. Nc3 Bb4 4. Qc2 d5 5. a3 Bxc3+ 6. Qxc3 Ne4 7. Qc2 O-O 8.
Nf3 b6 9. cxd5 exd5 10. e3 Bf5 11. Bd3 Nd7 12. b4 c5 13. dxc5 bxc5 14. bxc5
Ndxc5 15. Bxe4 Nxe4 16. Qd1 Qa5+ 17. Bd2 Qa6 18. Qe2 Qg6 19. O-O Bg4 20. Kh1
Qh5 21. Bb4 Rfe8 22. Rfd1 Re6 23. h3 Bxh3 24. Rxd5 Bxg2+ 25. Kxg2 Rg6+ 0-1

[Event "X Open A"]
[Site "Genova ITA"]
[Date "2006.08.13"]
[Round "8"]
[White "Cehic, Goran"]
[Black "Rodriguez Alvarez, Alan"]
[Result "0-1"]
[WhiteElo "2136"]
[BlackElo "2169"]
[PlyCount "56"]
[EventDate "2006.08.07"]

1. e4 c5 2. Nf3 Nc6 3. c3 d5 4. e5 Bg4 5. Bb5 Qb6 6. Bxc6+ Qxc6 7. h3 Bh5 8.
O-O e6 9. d4 Ne7 10. Nbd2 cxd4 11. cxd4 Qb6 12. a3 Nc6 13. Qa4 Be7 14. b4 a6
15. Bb2 O-O 16. Rac1 a5 17. b5 Na7 18. Ba1 Rfc8 19. Qb3 Qxb5 20. Qxb5 Nxb5 21.
Rb1 Nxa3 22. Rxb7 Bb4 23. g4 Bg6 24. Nb3 h6 25. Nh4 Bd3 26. Rc1 Rxc1+ 27. Nxc1
Bc4 28. f4 Nc2 0-1

[Event "X Open A"]
[Site "Genova ITA"]
[Date "2006.08.13"]
[Round "8"]
[White "Di Paolo, Raffaele"]
[Black "Astengo, Marcello"]
[Result "1-0"]
[WhiteElo "2334"]
[BlackElo "2109"]
[PlyCount "71"]
[EventDate "2006.08.07"]

1. e4 e6 2. d4 d5 3. Nd2 Nf6 4. e5 Nfd7 5. Bd3 c5 6. c3 Nc6 7. Ne2 cxd4 8. cxd4
Qb6 9. Nf3 f6 10. exf6 Nxf6 11. O-O Bd6 12. a3 O-O 13. Nc3 Bd7 14. b4 Rae8 15.
Be3 Bb8 16. Rc1 Re7 17. Ne5 Be8 18. Bb1 Qd8 19. f4 Bd6 20. Ne2 Qb6 21. Qd3 Nd8
22. Nc3 Nf7 23. Bf2 Nh8 24. Qh3 a5 25. f5 exf5 26. Bxf5 g6 27. Be6+ Bf7 28.
Nxf7 Rxe6 29. Na4 Qa6 30. b5 Qxb5 31. Nh6+ Kg7 32. Qxe6 Bxa3 33. Rc7+ Kxh6 34.
Be3+ g5 35. Rxf6+ Ng6 36. Qh3# 1-0

[Event "X Open A"]
[Site "Genova ITA"]
[Date "2006.08.13"]
[Round "8"]
[White "Durdevic, Radoslav"]
[Black "Lanzani, Mario"]
[Result "0-1"]
[WhiteElo "2092"]
[BlackElo "2331"]
[PlyCount "82"]
[EventDate "2006.08.07"]

1. e4 e5 2. Nf3 Nc6 3. Bc4 Nf6 4. d3 Bc5 5. Nc3 d6 6. h3 Na5 7. Na4 Nxc4 8.
Nxc5 dxc5 9. dxc4 Qxd1+ 10. Kxd1 Nxe4 11. Be3 f6 12. Nd2 Nxd2 13. Kxd2 b6 14.
Kc3 Bb7 15. Rhg1 O-O-O 16. g3 Bf3 17. b4 cxb4+ 18. Kxb4 f5 19. Rge1 h6 20. Bc1
e4 21. h4 Rhg8 22. Be3 c5+ 23. Kc3 g5 24. hxg5 hxg5 25. Rab1 Rdf8 26. Rg1 Bg4
27. a4 f4 28. gxf4 gxf4 29. Bd2 Be6 30. Rxg8 Bxg8 31. a5 Kb7 32. axb6 axb6 33.
Rg1 Be6 34. Rg6 Bh3 35. Rh6 Bd7 36. Rh7 Kc8 37. Rh4 e3 38. Be1 e2 39. f3 Bc6
40. Kd2 Bxf3 41. c3 Rd8+ 0-1

[Event "X Open A"]
[Site "Genova ITA"]
[Date "2006.08.13"]
[Round "8"]
[White "Guido, Flavio"]
[Black "Accattato Martin, Mario"]
[Result "1-0"]
[WhiteElo "2323"]
[BlackElo "2089"]
[PlyCount "67"]
[EventDate "2006.08.07"]

1. e4 c5 2. c3 d5 3. exd5 Qxd5 4. d4 Nf6 5. Nf3 e6 6. Bd3 Be7 7. O-O cxd4 8.
cxd4 Nc6 9. Nc3 Qd6 10. Nb5 Qd8 11. Bf4 Nd5 12. Bg3 a6 13. Nc3 O-O 14. Rc1 Nf6
15. a3 b6 16. Bb1 Bb7 17. Qd3 Rc8 18. Rfe1 Qd7 19. d5 exd5 20. Bh4 g6 21. Rxe7
Qxe7 22. Nxd5 Nxd5 23. Bxe7 Ncxe7 24. Rxc8 Rxc8 25. Qd2 Nf6 26. Ne5 Ned5 27. h3
Re8 28. Qd4 Nh5 29. Kh2 Nhf4 30. Ng4 Re1 31. Ba2 Re6 32. Nh6+ Kf8 33. Qh8+ Ke7
34. Qxh7 1-0

[Event "X Open A"]
[Site "Genova ITA"]
[Date "2006.08.13"]
[Round "8"]
[White "Okhotnik, Vladimir"]
[Black "De Santis, Alessio"]
[Result "1-0"]
[WhiteElo "2485"]
[BlackElo "2337"]
[PlyCount "73"]
[EventDate "2006.08.07"]

1. e4 e6 2. d4 d5 3. e5 c5 4. c3 Nc6 5. g3 Qb6 6. Ne2 Bd7 7. Bh3 h5 8. O-O Nh6
9. a4 a5 10. Na3 cxd4 11. cxd4 Be7 12. Nb5 g5 13. Nec3 g4 14. Bxh6 Rxh6 15. Bg2
Nb4 16. Rc1 Bxb5 17. Nxb5 Nc6 18. f4 Kd7 19. h4 Rf8 20. f5 Nxe5 21. Rc7+ Kd8
22. Qc1 Nc6 23. Qxh6 Nxd4 24. Qe3 Ne2+ 25. Kf2 Qxe3+ 26. Kxe3 Nxg3 27. Rfc1
Nxf5+ 28. Kd3 Nd6 29. Nxd6 Bxd6 30. Rxb7 Bb4 31. Kd4 f5 32. Bf1 e5+ 33. Kxe5
Re8+ 34. Kxf5 Rf8+ 35. Ke6 Re8+ 36. Kxd5 Bd2 37. Rb8+ 1-0

[Event "X Open A"]
[Site "Genova ITA"]
[Date "2006.08.13"]
[Round "8"]
[White "Pasquotto, Mirko"]
[Black "Cirabisi, Federico"]
[Result "1-0"]
[WhiteElo "1939"]
[BlackElo "2116"]
[PlyCount "55"]
[EventDate "2006.08.07"]

1. e4 e5 2. Nf3 d5 3. exd5 e4 4. Ne5 Qxd5 5. d4 exd3 6. Nxd3 Nc6 7. Nc3 Qe6+ 8.
Be2 Bd6 9. O-O Nge7 10. Re1 O-O 11. Bf3 Qg6 12. Ne4 Rd8 13. Nxd6 Rxd6 14. Bxc6
bxc6 15. Rxe7 Be6 16. Bf4 Bd5 17. Qf1 Rf6 18. Rae1 h5 19. Bxc7 Be6 20. Nf4 Qxc2
21. Nxe6 fxe6 22. Be5 Rg6 23. Bc3 Rd8 24. R7xe6 Rd5 25. Rxg6 Qxg6 26. Re7 Qc2
27. h3 g5 28. Qe2 1-0

[Event "X Open A"]
[Site "Genova ITA"]
[Date "2006.08.13"]
[Round "8"]
[White "Velikov, Petar V."]
[Black "Salvador, Roland"]
[Result "1/2-1/2"]
[WhiteElo "2465"]
[BlackElo "2420"]
[PlyCount "74"]
[EventDate "2006.08.07"]

1. c4 c5 2. g3 g6 3. Bg2 Bg7 4. Nc3 Nc6 5. e3 Nh6 6. Nge2 Nf5 7. b3 Rb8 8. Bb2
O-O 9. d3 a6 10. Qd2 b5 11. O-O Bb7 12. Ne4 d6 13. Bxg7 Kxg7 14. Rfd1 Qd7 15.
Rac1 f6 16. d4 cxd4 17. exd4 Rfc8 18. d5 Ne5 19. c5 dxc5 20. Nxc5 Qe8 21. Nf4
Kh8 22. Qe2 g5 23. Nfd3 Nxd3 24. Qxd3 Nd6 25. Re1 Rc7 26. Qd4 Qf7 27. b4 Rd8
28. Rc3 Nf5 29. Qd3 Bc8 30. Be4 Rd6 31. Ne6 Rxc3 32. Qxc3 Bxe6 33. dxe6 Qxe6
34. Bxf5 Qxf5 35. Rxe7 Rd1+ 36. Kg2 Qd5+ 37. Kh3 Qf5+ 1/2-1/2

[Event "X Open A"]
[Site "Genova ITA"]
[Date "2006.08.14"]
[Round "9"]
[White "Astengo, Marcello"]
[Black "Rodriguez Alvarez, Alan"]
[Result "1-0"]
[WhiteElo "2109"]
[BlackElo "2169"]
[PlyCount "87"]
[EventDate "2006.08.07"]

1. d4 Nf6 2. c4 e6 3. Nc3 Bb4 4. Qc2 O-O 5. Bg5 d5 6. e3 h6 7. Bh4 Nbd7 8. Nf3
dxc4 9. Bxc4 c5 10. O-O cxd4 11. exd4 Be7 12. Rad1 Nb6 13. Bb3 Nbd5 14. Rfe1
Nxc3 15. bxc3 Bd7 16. Ne5 Re8 17. Qd3 Qc7 18. Bc2 Rad8 19. Re3 a6 20. Rg3 Kf8
21. Nxf7 Nh5 22. Bxe7+ Rxe7 23. Nxd8 Nxg3 24. Qh7 Re8 25. Qh8+ Ke7 26. Qxg7+
Kxd8 27. Qxg3 Qc4 28. Bb3 Qe2 29. Qb8+ Ke7 30. Qxb7 Rf8 31. Qb4+ Kf7 32. d5 e5
33. Qh4 Kg7 34. c4 a5 35. Qg3+ Kh8 36. f3 a4 37. Re1 Qb2 38. Bd1 Re8 39. Qg6
Qd2 40. Qe4 Qxa2 41. Bc2 Re7 42. Rb1 Be8 43. d6 Rg7 44. d7 1-0

[Event "X Open A"]
[Site "Genova ITA"]
[Date "2006.08.14"]
[Round "9"]
[White "Barsov, Alexei"]
[Black "Lazic, Miroljub"]
[Result "1/2-1/2"]
[WhiteElo "2546"]
[BlackElo "2477"]
[PlyCount "20"]
[EventDate "2006.08.07"]

1. d4 d5 2. c4 c6 3. Nf3 Nf6 4. e3 e6 5. Bd3 Nbd7 6. O-O Bd6 7. Nbd2 O-O 8. e4
e5 9. cxd5 cxd5 10. exd5 exd4 1/2-1/2

[Event "X Open A"]
[Site "Genova ITA"]
[Date "2006.08.14"]
[Round "9"]
[White "Bertaglia, Luca"]
[Black "Brun, Dario"]
[Result "1/2-1/2"]
[WhiteElo "2031"]
[BlackElo "2040"]
[PlyCount "47"]
[EventDate "2006.08.07"]

1. d4 d5 2. c4 c6 3. Nf3 Nf6 4. e3 e6 5. Nbd2 Nbd7 6. b3 Bd6 7. Bb2 O-O 8. Bd3
Qe7 9. Ne5 Ba3 10. Bxa3 Qxa3 11. O-O Nxe5 12. dxe5 Nd7 13. f4 Qc5 14. Rf3 f5
15. Rc1 Nb6 16. Kh1 Rd8 17. cxd5 Qxd5 18. e4 Qd4 19. Qe2 Qb2 20. Rc2 Qa1+ 21.
Rf1 Qd4 22. Rf3 Qa1+ 23. Rf1 Qd4 24. Rf3 1/2-1/2

[Event "X Open A"]
[Site "Genova ITA"]
[Date "2006.08.14"]
[Round "9"]
[White "De Santis, Alessio"]
[Black "Durdevic, Radoslav"]
[Result "1-0"]
[WhiteElo "2337"]
[BlackElo "2092"]
[PlyCount "55"]
[EventDate "2006.08.07"]

1. d4 d5 2. c4 e6 3. Nc3 c6 4. e4 dxc4 5. Bxc4 Nf6 6. Nf3 Be7 7. O-O b5 8. Bd3
b4 9. Na4 O-O 10. Qe2 Qa5 11. Nc5 Bxc5 12. dxc5 Ba6 13. Bf4 Bxd3 14. Qxd3 Rd8
15. Qc2 Qb5 16. Bd6 Nbd7 17. Rfd1 a5 18. e5 Nd5 19. Ng5 g6 20. Rac1 Kg7 21. g3
a4 22. Qe4 h6 23. Nf3 a3 24. Nd4 Qb7 25. b3 Nc3 26. Rxc3 bxc3 27. Rc1 Qb4 28.
Nxe6+ 1-0

[Event "X Open A"]
[Site "Genova ITA"]
[Date "2006.08.14"]
[Round "9"]
[White "Ferretti, Folco"]
[Black "Velikov, Petar V."]
[Result "1/2-1/2"]
[WhiteElo "2254"]
[BlackElo "2465"]
[PlyCount "113"]
[EventDate "2006.08.07"]

1. e4 c5 2. Nc3 e6 3. g3 Nc6 4. Bg2 g6 5. d3 Bg7 6. Be3 d6 7. Qd2 Qa5 8. f4
Nge7 9. Nf3 Nd4 10. O-O O-O 11. Nd5 Nec6 12. Qxa5 Nxa5 13. Ne7+ Kh8 14. Bxd4
cxd4 15. b4 Nc6 16. Nxc6 bxc6 17. e5 dxe5 18. Nxe5 Bb7 19. Nxc6 Bxc6 20. Bxc6
Rab8 21. b5 Rfc8 22. g4 Rc7 23. Rae1 Bf8 24. Kg2 Ba3 25. Re2 a6 26. Rb1 axb5
27. Bxb5 Rc5 28. Rb3 Rbxb5 29. Rxa3 Rb2 30. Ra4 Rcxc2 31. Rxc2 Rxc2+ 32. Kg3 h6
33. h4 Kg7 34. Rxd4 Rxa2 35. Rd7 Ra1 36. Kg2 Rd1 37. Kg3 Rg1+ 38. Kf3 h5 39.
gxh5 gxh5 40. d4 Rd1 41. Rd8 Rh1 42. d5 Rh3+ 43. Ke4 exd5+ 44. Rxd5 Rxh4 45.
Rg5+ Kf6 46. Rf5+ Ke7 47. Re5+ Kf8 48. Kf3 f6 49. Re1 Kf7 50. f5 Rg4 51. Ra1
Kg7 52. Ra6 Rg1 53. Ra7+ Kh6 54. Rf7 Rf1+ 55. Ke4 Re1+ 56. Kf4 Rf1+ 57. Ke4
1/2-1/2

[Event "X Open A"]
[Site "Genova ITA"]
[Date "2006.08.14"]
[Round "9"]
[White "Fossati, Remigio"]
[Black "Berni, Mauro"]
[Result "1-0"]
[WhiteElo "2203"]
[BlackElo "2078"]
[PlyCount "81"]
[EventDate "2006.08.07"]

1. d4 e6 2. Nf3 d5 3. c4 c6 4. e3 f5 5. Bd3 Bd6 6. O-O Nh6 7. b3 Nd7 8. Bb2 O-O
9. Qc2 Nf6 10. Nbd2 Ne4 11. Rad1 Qe7 12. Ne5 Bd7 13. f3 Nf6 14. c5 Bc7 15. b4
a6 16. a4 g5 17. Ra1 g4 18. f4 Ne4 19. Ba3 Rad8 20. b5 axb5 21. axb5 Qh4 22.
Bb4 g3 23. h3 Bxe5 24. dxe5 Nxd2 25. Qxd2 Kh8 26. Ra7 Bc8 27. Ba5 Rde8 28. Rb1
Rg8 29. bxc6 bxc6 30. Rb6 Ng4 31. Rxc6 Nf2 32. Rcc7 Qh5 33. Qe2 Qg6 34. Rxh7+
Qxh7 35. Rxh7+ Kxh7 36. Qh5+ Kg7 37. Qg5+ Kh7 38. Qh4+ Kg6 39. Qxg3+ Ng4 40.
Qxg4+ Kf7 41. Qh5+ 1-0

[Event "X Open A"]
[Site "Genova ITA"]
[Date "2006.08.14"]
[Round "9"]
[White "Georgiev, Krum I."]
[Black "Guido, Flavio"]
[Result "1-0"]
[WhiteElo "2485"]
[BlackElo "2323"]
[PlyCount "57"]
[EventDate "2006.08.07"]

1. e4 c5 2. Nf3 e6 3. b3 Nc6 4. Bb2 d5 5. Bb5 Nf6 6. exd5 exd5 7. Qe2+ Be7 8.
Bxf6 gxf6 9. O-O O-O 10. Re1 Bd6 11. Nc3 Bg4 12. Qd1 Kh8 13. Be2 Rg8 14. g3 Be6
15. Bf1 f5 16. d4 f4 17. Nb5 fxg3 18. hxg3 Be7 19. c4 dxc4 20. bxc4 cxd4 21.
Nbxd4 Bc5 22. Nxe6 fxe6 23. Qxd8 Raxd8 24. Kg2 Rg6 25. Rad1 Rf8 26. Bd3 Rgf6
27. Be4 R6f7 28. Rh1 Kg8 29. Rh5 1-0

[Event "X Open A"]
[Site "Genova ITA"]
[Date "2006.08.14"]
[Round "9"]
[White "Martinez, Rolly"]
[Black "Dzhumaev, Marat"]
[Result "1-0"]
[WhiteElo "2399"]
[BlackElo "2509"]
[PlyCount "119"]
[EventDate "2006.08.07"]

1. e4 g6 2. d4 Bg7 3. Nc3 d6 4. Be3 Nd7 5. Qd2 a6 6. h4 Ngf6 7. Bh6 Bxh6 8.
Qxh6 c5 9. Nge2 Qa5 10. f3 b5 11. Qd2 Bb7 12. g4 O-O-O 13. g5 Nh5 14. Bh3 Kb8
15. Bxd7 Rxd7 16. dxc5 b4 17. Nd1 Qxc5 18. a3 d5 19. axb4 Qc7 20. Qc3 Rc8 21.
Qxc7+ Rcxc7 22. c3 dxe4 23. fxe4 Rc4 24. Nf2 f5 25. Rh3 fxe4 26. Ra5 Rc8 27.
Re5 Rcd8 28. Nxe4 Rd1+ 29. Kf2 Rf8+ 30. Rf3 Rxf3+ 31. Kxf3 Ng7 32. N2g3 Nf5 33.
Nxf5 gxf5 34. Ke2 Rh1 35. Nc5 Rh2+ 36. Kd3 Bc8 37. Rxe7 Rxh4 38. c4 f4 39. Rf7
Rg4 40. Ne4 Bb7 41. Nc5 Bc8 42. b3 Rxg5 43. Rxf4 Rg6 44. Rf8 h6 45. Kc3 Kc7 46.
Kb2 h5 47. Rh8 Bg4 48. Rh7+ Kd6 49. Nxa6 Ke5 50. b5 Kf4 51. c5 Kg5 52. Nb4 h4
53. b6 Bf3 54. b7 Bxb7 55. Rxb7 h3 56. Rh7 Kg4 57. c6 Rg5 58. Nd3 Kg3 59. b4 h2
60. c7 1-0

[Event "X Open A"]
[Site "Genova ITA"]
[Date "2006.08.14"]
[Round "9"]
[White "Pasquotto, Mirko"]
[Black "Di Paolo, Raffaele"]
[Result "0-1"]
[WhiteElo "1939"]
[BlackElo "2334"]
[PlyCount "112"]
[EventDate "2006.08.07"]

1. e4 c5 2. Nf3 Nc6 3. d4 cxd4 4. Nxd4 Qc7 5. c4 e6 6. Be3 a6 7. Nc3 Nf6 8. Be2
Bb4 9. f3 Ne5 10. Qb3 Bc5 11. O-O Ng6 12. Rfd1 h5 13. Rac1 Bd6 14. h3 Bf4 15.
Bxf4 Nxf4 16. Bf1 Rh6 17. Nd5 exd5 18. exd5 Rg6 19. Qe3+ Kf8 20. d6 Qc5 21.
Qxf4 b6 22. Bd3 Rh6 23. Be4 Rb8 24. Kh1 Nxe4 25. Qxe4 Rxd6 26. Re1 Bb7 27. Qe7+
Kg8 28. Nf5 Rf6 29. Qe5 Qxe5 30. Rxe5 d6 31. Ne7+ Kf8 32. Re3 Re6 33. Rxe6 fxe6
34. Ng6+ Kf7 35. Nf4 h4 36. Rd1 g5 37. Ne2 Ke7 38. Nc3 Rc8 39. Na4 Rxc4 40. b3
Rb4 41. Rc1 Kd7 42. Rc4 Rxc4 43. Nxb6+ Kc7 44. Nxc4 Bd5 45. Nd2 Kc6 46. Kg1 Kc5
47. Kf2 Kd4 48. Ke2 Bc6 49. Nf1 Bb5+ 50. Kf2 Bxf1 51. Kxf1 Kc3 52. Kf2 d5 53.
g3 d4 54. f4 hxg3+ 55. Kxg3 gxf4+ 56. Kxf4 d3 0-1

[Event "X Open A"]
[Site "Genova ITA"]
[Date "2006.08.14"]
[Round "9"]
[White "Salvador, Roland"]
[Black "Okhotnik, Vladimir"]
[Result "1-0"]
[WhiteElo "2420"]
[BlackElo "2485"]
[PlyCount "69"]
[EventDate "2006.08.07"]

1. d4 Nf6 2. Nf3 g6 3. Nc3 d5 4. Bf4 Bg7 5. e3 O-O 6. Be2 c5 7. Ne5 e6 8. h4
Nfd7 9. h5 Nxe5 10. Bxe5 Bxe5 11. dxe5 Qg5 12. Qd2 Qxe5 13. O-O-O Nc6 14. f4
Qf6 15. e4 d4 16. Nb5 Qe7 17. e5 g5 18. fxg5 Nxe5 19. Rdf1 Bd7 20. Qf4 Nc6 21.
Qg3 Nb4 22. Nd6 Ba4 23. Ne4 Bxc2 24. Nf6+ Kh8 25. g6 fxg6 26. hxg6 Rxf6 27.
Rxh7+ Qxh7 28. gxh7 Rxf1+ 29. Bxf1 Bf5 30. Qc7 b6 31. Qf7 Nxa2+ 32. Kd2 Nb4 33.
g4 Bb1 34. g5 Bf5 35. g6 1-0

[Event "C.to Unione Europea U14"]
[Site "Mureck AUT"]
[Date "2006.08.15"]
[Round "7"]
[White "Costa Guerra, Catarina"]
[Black "Messina, Roberta"]
[Result "1/2-1/2"]
[WhiteElo "1718"]
[BlackElo "1859"]
[PlyCount "132"]
[EventDate "2006.08.09"]

1. e4 c5 2. Nc3 Nc6 3. f4 e6 4. Nf3 d5 5. Bb5 Nge7 6. d3 a6 7. Bxc6+ Nxc6 8.
O-O Be7 9. Qe1 Nd4 10. Qf2 Bf6 11. e5 Nxf3+ 12. Qxf3 Be7 13. f5 c4 14. f6 gxf6
15. exf6 Bc5+ 16. Kh1 cxd3 17. Qxd3 h5 18. Qg3 Qd6 19. Bf4 Qf8 20. Rae1 h4 21.
Qf3 Bd7 22. Nxd5 O-O-O 23. Ne7+ Bxe7 24. fxe7 Qxe7 25. Be5 h3 26. Qc3+ Bc6 27.
Kg1 hxg2 28. Rf2 Qh4 29. Bxh8 Rxh8 30. Rxg2 Kb8 31. Qg3+ Ka7 32. Qxh4 Rxh4 33.
Rg3 Rd4 34. Rd3 Rg4+ 35. Rg3 Rd4 36. Re2 Bb5 37. Rf2 f5 38. Rg6 Rd1+ 39. Kg2
Bc6+ 40. Kh3 Bd5 41. Kh4 Rd4+ 42. Kg5 Re4 43. h4 Bc6 44. Rh2 Be8 45. Rg8 Rg4+
46. Kf6 Rxg8 47. h5 f4 48. h6 Bg6 49. h7 Bxh7 50. Rxh7 f3 51. Rh1 Rf8+ 52. Kxe6
Kb6 53. Ke5 Kc5 54. Ke4 Kc4 55. Rf1 f2 56. Ke3 Re8+ 57. Kxf2 Rf8+ 58. Ke2 Rxf1
59. Kxf1 b5 60. Ke2 b4 61. Kd2 a5 62. b3+ Kd4 63. Kc1 Kc3 64. Kb1 Kd4 65. Kb2
Kd5 66. a3 Kd4 1/2-1/2

[Event "C.to Unione Europea U14"]
[Site "Mureck AUT"]
[Date "2006.08.17"]
[Round "9"]
[White "Silva Gomes, Miguel Alexandre"]
[Black "Messina, Roberta"]
[Result "1-0"]
[WhiteElo "1925"]
[BlackElo "1859"]
[PlyCount "149"]
[EventDate "2006.08.09"]

1. e4 c5 2. Nf3 d6 3. d4 cxd4 4. Qxd4 Nc6 5. Bb5 Bd7 6. Bxc6 bxc6 7. O-O Nf6 8.
Bg5 c5 9. Qd3 Bc6 10. Re1 g6 11. e5 Nh5 12. exd6 f6 13. dxe7 Bxe7 14. Qxd8+
Kxd8 15. Bh4 g5 16. Bg3 Nxg3 17. hxg3 Re8 18. Nc3 Kc7 19. Rad1 Bf8 20. Nd2 Rad8
21. Nc4 h5 22. Ne3 Kb7 23. Nc4 Kc7 24. Rxe8 Rxe8 25. Ne3 Kb7 26. Ncd5 Bxd5 27.
Nxd5 f5 28. Kf1 Re6 29. Re1 Rxe1+ 30. Kxe1 Bg7 31. b3 Ka6 32. c4 Ka5 33. Ke2
Bd4 34. f3 Bb2 35. a4 Be5 36. g4 fxg4 37. fxg4 hxg4 38. Ke3 Bd4+ 39. Ke4 g3 40.
Kf5 Bf2 41. Kxg5 Be1 42. Kf4 Bf2 43. Ke5 Bd4+ 44. Kd6 Bf2 45. Kc6 Bd4 46. Kb7
a6 47. Kc6 Bf2 48. Nc7 Bd4 49. Kd5 Kb6 50. Ne6 Bf2 51. Nf4 Ka5 52. Nd3 Kb6 53.
Ke4 Ka5 54. Kf3 Bd4 55. Kxg3 Kb6 56. Kf4 Ka5 57. g4 Kb6 58. Kf5 Bg7 59. g5 Kc6
60. Kg6 Bd4 61. Kf7 Kb6 62. g6 Kc6 63. g7 Bxg7 64. Kxg7 Kb6 65. Kf7 Kc6 66. Ke6
Kb6 67. Kd5 Ka5 68. Kd6 Kb6 69. Nxc5 Ka5 70. Nd3 Kb6 71. c5+ Kb7 72. c6+ Kc8
73. c7 a5 74. Nf2 Kb7 75. Kd7 1-0